LEADER 01336nam a2200313 a 4500 001 000000133202 003 CaOOAMICUS 005 20130315100956.0 008 130315s2011 enka u000 u eng r 020 $z9781405149082* 040 $aPUL$bita 082 04$a907.2 245 02$aA companion to the philosophy of history and historiography /$cedited by Aviezer Tucker. 260 $aChichester :$bWiley-Blackwell,$c2011. 300 $axii, 563 p. :$bill. ;$c26 cm 490 1 $aBlackwell Companions to philosophy ;$v41 504 $aBibliografia nelle note. 650 4$aStoria$xFilosofia.$0(OLS)http://pul/subject/497 700 1 $aTucker, Aviezer.$0(OLS)http://pul/name/85846 830 0$aBlackwell Companions to philosophy ;$v41.$0(OLS)http://pul/title/80284 850 $aPUL 852 $aPUL$W1$xSL Cons. Gen., Altre Classi 3$y75$m907. 2 TUCAV 1$j153140$qDDC 21$B152636$CPULBib$Z2$F152636 $H121973 $82 941 1 $a9 960 $aFilosofia della storia$9497 996 $6020$z9781405149082*$9(OLS)http://pul/number/152175 996 $6082$a907.2$9(OLS)http://pul/classification/1916 996 $6245$aA companion to the philosophy of history and historiography$9(OLS)http://pul/title/168316 996 $6260$aChichester :$bWiley-Blackwell$9(OLS)http://pul/publisher/80296 LEADER 01343nam a2200253 u 4500 001 000000106419 003 CaOOAMICUS 005 20070719114159.0 008 070719s2006 it u000 u ita u 040 $aPUL$bita$dGP 111 2 $aConvegno angelologico nazionale$n(1 :$d2005 :$cCampagna, SA).$0(OLS)http://pul/name/65353 245 10$aSan Michele :$bl'archistratega di Dio : acta 1°convegno angelologico nazionale : Campagna, 1-2 giugno 2005 /$cMilizia di San Michele Arcangelo (M.S.M.A.) ; a cura di Marcello Stanzione. 260 $aTavagnacco (UD) :$bEdizioni Segno,$cc2006. 300 $a199 p. ;$c24 cm. 490 1 $aAtti di angelologia ;$v01 650 14$aAngeli.$0(OLS)http://pul/subject/1404 700 1 $aStanzione, Marcello,$d1963-$0(OLS)http://pul/name/65351 710 2 $aMilizia di San Michele Arcangelo (M.S.M.A.).$0(OLS)http://pul/name/65352 830 0$aAtti di angelologia ;$v01.$0(OLS)http://pul/title/134025 850 $aPUL 852 $aPUL$W1$xSL Religione 3$y85$m235 STAMA 1$j119812$qDDC 21$B119474$CPULBib$Z2$F119474 $H104558 $82 941 1 $a9 996 $6245$aSan Michele :$bl'archistratega di Dio : acta 1°convegno angelologico nazionale : Campagna, 1-2 giugno 2005$9(OLS)http://pul/title/134024 996 $6260$aTavagnacco (UD) :$bEdizioni Segno$9(OLS)http://pul/publisher/79364